Countries That Border A Country From Another Continent - Statistics

General Stats
  • This quiz has been taken 49 times
  • The average score is 17 of 20
Answer Stats
Answer % Correct
Russia
97%
Russia
97%
Russia
97%
Greece
95%
Turkey
95%
Turkey
95%
Colombia
92%
Panama
92%
Egypt
89%
Israel
89%
Georgia
87%
Bulgaria
82%
Brazil
79%
France
79%
France
79%
Indonesia
79%
Papua New Guinea
79%
Suriname
76%
Azerbaijan
74%
Kazakhstan
68%
No matching quizzes found
Score Distribution
Percent of People with Each Score
Percentile by Number Answered
Your Score History
You have not taken this quiz